|
|
|
|
| LEADER |
00892nam a2200241 u 4500 |
| 001 |
10011828 |
| 003 |
upatras |
| 005 |
20210117204424.0 |
| 008 |
881025s1995 eng |
| 020 |
|
|
|a 0198559194
|
| 040 |
|
|
|a GR-PaULI
|c GR-PaULI
|
| 041 |
0 |
|
|a eng
|
| 082 |
0 |
4 |
|a 541.3
|
| 100 |
1 |
|
|a Laidler, Keith J.
|9 35218
|
| 245 |
1 |
0 |
|a The world of physical chemistry
|c Keith J. Laidler
|
| 260 |
|
|
|a Oxford
|b Oxford University Press
|c 1995
|
| 300 |
|
|
|a xii, 476 p.
|b fig.
|c 23 cm
|
| 504 |
|
|
|a Includes biographical notes, references for biographies, index
|
| 650 |
|
4 |
|9 1053
|a Φυσικοχημεία
|
| 852 |
|
|
|a GR-PaULI
|b ΠΑΤΡΑ
|b ΒΚΠ
|b ΒΣ1
|k ΑΣΧΞ
|h 541.3 L
|m 28576
|p 025000054450
|t 1
|
| 942 |
|
|
|2 ddc
|c BK15
|
| 952 |
|
|
|0 0
|1 0
|4 0
|6 541_300000000000000_L
|7 0
|9 145352
|a LISP
|b LISP
|c BSC
|d 2016-04-24
|i 28576
|l 0
|o 541.3 L
|p 025000054450
|r 2016-04-24 00:00:00
|t 1
|w 2016-04-24
|y BK15
|
| 999 |
|
|
|c 94624
|d 94624
|